书目信息 |
| 题名: |
类金刚石薄膜的制备、结构与性能研究
|
|
| 作者: | 代海洋 著 | |
| 分册: | ||
| 出版信息: | 北京 中国原子能出版社 2020.8 |
|
| 页数: | 186页 | |
| 开本: | 24cm | |
| 丛书名: | ||
| 单 册: | ||
| 中图分类: | TB43 | |
| 科图分类: | ||
| 主题词: | 类金刚石膜--研究 | |
| 电子资源: | ||
| ISBN: | 978-7-5221-0738-7 | |
| 000 | 01301nam0 2200229 45 | |
| 001 | 012001002111 | |
| 005 | 20140913112421.0 | |
| 010 | @a978-7-5221-0738-7@dCNY45.00 | |
| 100 | @a20210202d2020 em y0chiy50 ea | |
| 101 | 0 | @achi |
| 102 | @aCN@b110000 | |
| 105 | @aa z 000yy | |
| 106 | @ar | |
| 200 | 1 | @a类金刚石薄膜的制备、结构与性能研究@Alei jin gang shi bo mo de zhi bei 、 jie gou yu xing neng yan jiu@b专著@f代海洋著 |
| 210 | @a北京@c中国原子能出版社@d2020.8 | |
| 215 | @a186页@c图@d24cm | |
| 330 | @a本书共分为7章:第1章简要介绍了类金刚石薄膜的发展史、组成、分类、结构模型、性质、生长机理、应用制备方法以及应用中存在的问题解决方法;第2章主要介绍了中频脉冲非平衡磁控溅射技术及研究过程中所使用的测试方法的原理、设备型号;第3章主要通过文献调研并结合作者的科研结果探索了种拉曼光谱分析DLC薄膜中sp3含量的新经验模型;第4章主要介绍了基体偏压、梯度偏压、基体温度、中频电流、靶-基距对无氢的DLC薄膜的结构与性能的影响规律;第5章主要介绍了碳源气体、沉积气压、进气比例对含氢的DLC薄膜的结构与性能的影响规律;第6章主要介绍了在Ge和ZnSe基体上涂覆GexC1-x/DLC薄膜系前后透过率的变化、砂尘冲刷实验和淋雨实验结果;第7章对本书的研究结论进行了总结。 | |
| 606 | 0 | @a类金刚石膜@x研究 |
| 690 | @aTB43@v5 | |
| 701 | 0 | @a代海洋@Adai hai yang@4著 |
| 801 | 0 | @aCN@bBJSDL@c20211011 |
| 905 | @b1338481-4@dTB43@e597@f4 | |
| 类金刚石薄膜的制备、结构与性能研究/代海洋著.-北京:中国原子能出版社,2020.8 |
| 186页:图;24cm |
| ISBN 978-7-5221-0738-7:CNY45.00 |
| 本书共分为7章:第1章简要介绍了类金刚石薄膜的发展史、组成、分类、结构模型、性质、生长机理、应用制备方法以及应用中存在的问题解决方法;第2章主要介绍了中频脉冲非平衡磁控溅射技术及研究过程中所使用的测试方法的原理、设备型号;第3章主要通过文献调研并结合作者的科研结果探索了种拉曼光谱分析DLC薄膜中sp3含量的新经验模型;第4章主要介绍了基体偏压、梯度偏压、基体温度、中频电流、靶-基距对无氢的DLC薄膜的结构与性能的影响规律;第5章主要介绍了碳源气体、沉积气压、进气比例对含氢的DLC薄膜的结构与性能的影响规律;第6章主要介绍了在Ge和ZnSe基体上涂覆GexC1-x/DLC薄膜系前后透过率的变化、砂尘冲刷实验和淋雨实验结果;第7章对本书的研究结论进行了总结。 |
| ● |
| 相关链接 |
|
|
|
|
正题名:类金刚石薄膜的制备、结构与性能研究
索取号:TB43/597
 
预约/预借
| 序号 | 登录号 | 条形码 | 馆藏地/架位号 | 状态 | 备注 |
| 1 | 1338481 | 213384817 | 第二样本阅览室/ [索取号:TB43/597] | 在馆 | |
| 2 | 1338482 | 213384826 | 第三借阅区/ [索取号:TB43/597] | 在馆 | |
| 3 | 1338483 | 213384835 | 第三借阅区/ [索取号:TB43/597] | 在馆 | |
| 4 | 1338484 | 213384844 | 第三借阅区/ [索取号:TB43/597] | 在馆 |